|
|
|
|
| LEADER |
00700nab a2200181 i 4500 |
| 001 |
acta2159 |
| 005 |
20210608165211.0 |
| 008 |
161015s1970 hu o 0|| hun d |
| 022 |
|
|
|a 0324-7260
|
| 040 |
|
|
|a SZTE Egyetemi Kiadványok Repozitórium
|b hun
|
| 041 |
|
|
|a hun
|
| 100 |
1 |
|
|a Vágvölgyi András
|
| 245 |
1 |
0 |
|a Junge Studierten und identifikation mit dem Gewahlten lebensberuf
|h [elektronikus dokumentum] /
|c Vágvölgyi András
|
| 260 |
|
|
|c 1970
|
| 300 |
|
|
|a 47-63
|
| 490 |
0 |
|
|a Acta Universitatis Szegediensis de Attila József nominatae : sectio paedagogica et psychologica
|v 14
|
| 695 |
|
|
|a Neveléstudomány
|
| 856 |
4 |
0 |
|u http://acta.bibl.u-szeged.hu/2159/1/paed_psych_014_047-063.pdf
|z Dokumentum-elérés
|